লালন-হাসান (Record no. 72337)
[ view plain ]
| 000 -LEADER | |
|---|---|
| fixed length control field | 01060nam a22002657a 4500 |
| 001 - CONTROL NUMBER | |
| control field | 72337 |
| 003 - CONTROL NUMBER IDENTIFIER | |
| rucl marc code | BD-RjUL |
| 005 - DATE AND TIME OF LATEST TRANSACTION | |
| control field | 20211209082240.0 |
| 008 - FIXED-LENGTH DATA ELEMENTS--GENERAL INFORMATION | |
| fixed length control field | 170516s2009 bg ||||| b||| 001 0 ben d |
| 020 ## - INTERNATIONAL STANDARD BOOK NUMBER | |
| International Standard Book Number | 9840747851 : |
| Terms of availability | TK. : 280.00 |
| 035 ## - SYSTEM CONTROL NUMBER | |
| System control number | (BD-RjUL)72554 |
| 040 ## - CATALOGING SOURCE | |
| Original cataloging agency | BD-RjUL |
| Language of cataloging | eng |
| Transcribing agency | BD-RjUL |
| 041 ## - LANGUAGE CODE | |
| Language code of text/sound track or separate title | eng |
| 082 ## - DEWEY DECIMAL CLASSIFICATION NUMBER | |
| Edition number | 23 |
| Classification number | 780.922 |
| Author mark and year | WAL 2009 |
| 100 1# - MAIN ENTRY--PERSONAL NAME | |
| Personal name | ওয়াহাব, আবদুল |
| 9 (RLIN) | 213923 |
| 245 10 - TITLE STATEMENT | |
| Title | লালন-হাসান |
| Remainder of title | জীবন-কর্ম-সমাজ / |
| Statement of responsibility, etc. | আবদুল ওয়াহাব |
| 260 ## - PUBLICATION, DISTRIBUTION, ETC. (IMPRINT) | |
| Place of publication, distribution, etc. | ঢাকা |
| Name of publisher, distributor, etc. | বাংলা একাডেমী, |
| Date of publication, distribution, etc. | ২০০৯ |
| 300 ## - PHYSICAL DESCRIPTION | |
| Pagination | [১৬], ৫৫২ পৃ ; |
| Illustrations | ২২ সেমি. |
| 504 ## - BIBLIOGRAPHY, ETC. NOTE | |
| Bibliography, etc | সংযুক্ত গ্রন্থপুঞ্জি ও নির্ঘণ্ট |
| 600 ## - SUBJECT ADDED ENTRY--PERSONAL NAME | |
| Personal name | Chowdhury, Dewan Hasan Raja, |
| Dates associated with a name | 1854-1922 |
| Personal name | Shah, Lalon, |
| Dates associated with a name | 1772-1890 |
| 650 ## - SUBJECT ADDED ENTRY--TOPICAL TERM | |
| Topical term or geographic name as entry element | গানের সুরকার |
| General subdivision | জীবনী |
| 9 (RLIN) | 213926 |
| Topical term or geographic name as entry element | Composer of songs |
| General subdivision | Biographies |
| 9 (RLIN) | 213927 |
| 942 ## - ADDED ENTRY ELEMENTS (KOHA) | |
| Source of classification or shelving scheme | Dewey Decimal Classification |
| Koha item type | Books |
| Lost status | Source of classification or shelving scheme | Damaged status | Not for loan | Collection code | Permanent Location | Current Location | Shelving location | Date acquired | Source of acquisition | Cost, normal purchase price | Total Checkouts | Full call number | Date last seen | Copy number | Koha item type |
|---|---|---|---|---|---|---|---|---|---|---|---|---|---|---|---|
| Dewey Decimal Classification | Not For Loan | Non-fiction | Central Library, University of Rajshahi | Central Library, University of Rajshahi | Reading Room | 04/02/2012 | Dhaka, Bangla Academy | 280.00 | B 780.922 WAL 2009 | 16/05/2017 | C-1 | Books |